Progress Report on the Activities of the Independent Evaluation Office.

This report summarizes the activities of the Independent Evaluation Office of the IMF (IEO) in the period since April 2013.

Podrobná bibliografie
Korporativní autor: International Monetary Fund
Médium: Časopis
Jazyk:English
Vydáno: Washington, D.C. : International Monetary Fund, 2013.
Edice:Policy Papers; Policy Paper ; No. 2013/074
Témata:
On-line přístup:Full text available on IMF
LEADER 01309cas a2200301 a 4500
001 AALejournalIMF020145
008 230101c9999 xx r poo 0 0eng d
020 |c 5.00 USD 
020 |z 9781498341202 
022 |a 2663-3493 
040 |a BD-DhAAL  |c BD-DhAAL 
110 2 |a International Monetary Fund. 
245 1 0 |a Progress Report on the Activities of the Independent Evaluation Office. 
264 1 |a Washington, D.C. :  |b International Monetary Fund,  |c 2013. 
300 |a 1 online resource (2 pages) 
490 1 |a Policy Papers 
500 |a <strong>Off-Campus Access:</strong> No User ID or Password Required 
500 |a <strong>On-Campus Access:</strong> No User ID or Password Required 
506 |a Electronic access restricted to authorized BRAC University faculty, staff and students 
520 3 |a This report summarizes the activities of the Independent Evaluation Office of the IMF (IEO) in the period since April 2013. 
538 |a Mode of access: Internet 
650 7 |a Evaluation  |2 imf 
650 7 |a IEO Evaluation  |2 imf 
650 7 |a IMF Analysis  |2 imf 
650 7 |a PP  |2 imf 
650 7 |a Program  |2 imf 
830 0 |a Policy Papers; Policy Paper ;  |v No. 2013/074 
856 4 0 |z Full text available on IMF  |u http://elibrary.imf.org/view/journals/007/2013/074/007.2013.issue-074-en.xml  |z IMF e-Library